000 00353nam a2200145Ia 4500
008 210210b1970 xxu||||| |||| 00| 0 eng d
082 _a546.22 LEOW
100 _aLEOPOLD (Luna B).
245 _aWater.
260 _aNederland
_bTime-Life International
_c1970
300 _a190
650 _aWater
690 _aInorganic Chemistry
906 _aCC00032
999 _c108826
_d108826